|
|
|
|
| LEADER |
01717nam a2200457 a 4500 |
| 001 |
nkc20061696096 |
| 003 |
CZ PrNK |
| 005 |
20080613142828.0 |
| 007 |
ta |
| 008 |
080115s2006 xr ac e f 000 0 cze |
| 015 |
|
|
|a cnb001696096
|
| 020 |
|
|
|a 80-86644-73-1
|q (Gloriet :
|q brož.)
|
| 020 |
|
|
|a 80-86570-05-3
|q (Národní památkový ústav Olomouc :
|q brož.)
|
| 035 |
|
|
|a (OCoLC)228592219
|
| 040 |
|
|
|a ABA001
|b cze
|
| 043 |
|
|
|a e-xr---
|b e-xr-ol
|2 czenas
|
| 072 |
|
7 |
|a 72
|x Architektura
|2 Konspekt
|9 21
|
| 080 |
|
|
|a 728.81
|2 MRF
|
| 080 |
|
|
|a (437.325)
|2 MRF
|
| 080 |
|
|
|a (036)
|2 MRF
|
| 100 |
1 |
|
|a Marková, Zuzana
|7 ola2008419307
|4 aut
|
| 245 |
1 |
0 |
|a Bouzov /
|c [text Zuzana Marková ; foto Jan Kulich, Ivo Zatloukal]
|
| 260 |
|
|
|a [Libice nad Cidlinou] :
|b Gloriet ve spolupráci s NPÚ ÚOP v Olomouci,
|c 2006
|
| 300 |
|
|
|a [16] s. :
|b il. (převážně barev.), portréty ;
|c 21 cm
|
| 500 |
|
|
|a Název z obálky
|
| 650 |
0 |
7 |
|a hrady
|7 ph120854
|z Česko
|2 czenas
|
| 650 |
0 |
9 |
|a castles
|z Czechia
|2 eczenas
|
| 655 |
|
7 |
|a informační publikace
|7 fd132454
|2 czenas
|
| 655 |
|
9 |
|a information publications
|2 eczenas
|
| 655 |
9 |
7 |
|a ilustrované publikace
|7 fd367467
|2 czenas
|
| 610 |
2 |
7 |
|a Bouzov (hrad)
|7 kn20030314015
|2 czenas
|
| 651 |
|
7 |
|a Bouzov (Česko)
|7 ge170942
|2 czenas
|
| 651 |
|
9 |
|a Bouzov (Czechia)
|2 eczenas
|
| 700 |
1 |
|
|a Kulich, Jan
|7 ola2003188529
|4 pht
|
| 700 |
1 |
|
|a Zatloukal, Ivo
|7 jx20080121032
|4 pht
|
| 710 |
2 |
|
|a Národní památkový ústav.
|b Územní odborné pracoviště v Olomouci
|7 kn20041109031
|
| 910 |
2 |
|
|a BOA001
|b 2-1196.320
|
| 990 |
|
|
|a BK
|
| 995 |
|
|
|a 01
|
| 991 |
|
|
|b 200801
|c NOV
|
| 996 |
6 |
|
|b 2610329535
|c 2-1196.320
|l MZK
|r Sklad / do 1 hodiny
|n 1
|p p.v.
|w 000879575
|u 000010
|a 1
|e BOA001
|j MZK50
|s P
|